000 00728nam a2200265Ia 4500
003 GCL
008 140319s9999 xx 000 0 ara d
040 _aGCL /
_cGCL
082 0 4 _a677
_bم خ
100 1 _aمحمد احمد سلطان
245 1 0 _aالخامات النسيجية /
_cمحمد احمد سلطان
260 _a[S.N] :
_bمنشاة المعارف ،
_c1989
300 _a486 ص
490 _a
650 0 4 _aالحديد
650 0 4 _aالالياف الصناعية
650 0 4 _aالمنسوجات
650 0 4 _aالغزل والنسيج
650 0 4 _aالخيوط
650 0 4 _aالقطن
650 0 4 _aالالياف
650 0 4 _aالصوف
650 0 4 _aالكتان
942 _2ddc
_cBK
999 _c33449
_d33449